000 00461nam a2200157Ia 4500
008 210716s2016 xx 000 0 und d
020 _a9789351502791
041 _aeng
082 _a658.3124 JOSG
100 _aJoshi, Gangadhar.
245 _aCampus to corporate: your roadmap to employability.
_bYour roadmap to employability.
250 _a1
260 _aNew Delhi
_bSage Publications
_c2016
300 _axiii,220,I-6
650 _aTraining & Development
999 _c211196
_d211196